000 01189nam a2200277 i 4500
001 92610
003 ES-MaACL
005 20250808230543.0
007 t|
008 050407s2004 sp ||||1| spa d
020 _a84-96274-23-3
080 _a342.1"17/18"(063)
080 _a316.644:323.1"17/18"(063)
080 _a342.4"17/18"(063)
245 0 3 _aLa ilusión constitucional: pueblo, patria, nación
_b: de la Ilustración al Romanticismo, Cádiz, América y Europa ante la modernidad : XI encuentro, Cádiz 8, 9 y 10 de mayo de 2002 /
_ccoordinador y editor, Alberto Ramos Santana.
260 _aCádiz :
_bUniversidad de Cádiz, Servicio de Publicaciones,
_c2004.
300 _a278 p. ;
_c24 cm.
500 _aTrabajos presentados en el XI Encuentro de la Ilustración al Romanticismo.
504 _aIncluye referencias bibliográficas.
650 _aNación-
_vCongresos y asambleas.
_915434
650 1 4 _aDerecho constitucional-
_vCongresos y asambleas
_9172032
700 1 _aRamos Santana, Alberto.
_995357
711 2 _aEncuentro de la Ilustración al Romanticismo (
_n11º.
_d2002.
_cCádiz)
_9619
852 _aES-MaACL
_jL-29036
_bR.135551
999 _c92610
_d92610